House construction : ground floors [

Bibliographic Details
Format: Book
Published: Bristol : University of the West of England , 1995
Subjects:

MARC

LEADER 00000cam a2200000 7i4500
001 0000024125
005 20120106.0
040 |a INS 
090 0 0 |a VCD 189 
245 0 0 |a House construction :   |b ground floors [  |h video disc] 
260 |a Bristol :   |b University of the West of England ,   |c 1995 
300 |a 1 video disc (26 min.) :   |b sd., col. ;   |c 4 3/4 in. 
500 |a Also available in vhs format : VHS 1012 
650 0 0 |a Flooring 
999 |a VCD0000189   |b VIDEO CD   |c Media Collection   |e Default branch